Primera Biblioteca Infantil de Aprendizaje : árboles y flores

Gespeichert in:
Bibliographische Detailangaben
1. Verfasser: Berry, C. E., ed
Weitere Verfasser: Benuzillo, Magda, trad
Format: Buch
Sprache:Spanisch
Veröffentlicht: Culturales Internacionales. 1989.
Schlagworte:
Tags: Tag hinzufügen
Keine Tags, Fügen Sie den ersten Tag hinzu!

MARC

LEADER 00000nam a22000005a 4500
001 545
003 CL-ChBUA
005 20120815102707.0
008 070301s1989 mx 000 0 spa
020 |a 9684180934 
040 |a CL-ChBUA  |c CL-ChBUA 
082 0 0 |a 028.55 
090 |c 545  |d 545 
100 1 |a Berry, C. E., ed. 
245 1 0 |a Primera Biblioteca Infantil de Aprendizaje :  |b árboles y flores 
260 |b Culturales Internacionales.  |c 1989. 
300 |a 87 p.  |c 30 cm. 
504 |a Indice. 
650 4 |a LIBROS ILUSTRADOS. 
650 4 |a LIBROS PARA NIÑOS. 
700 1 |a Benuzillo, Magda, trad. 
942 |c LIBR 
952 |0 0  |1 0  |4 0  |7 0  |9 653  |a UNACH  |b UNACH  |c REA  |d 2007-03-05  |i 25.026.  |l 1  |m 2  |o R 028.55 / P 953ar.  |p 1652  |r 2021-10-06 00:00:00  |s 2017-03-20  |u 653  |w 2012-08-08  |y LIBR  |k R 028.55 / P 953ar. 
999 |c 545  |d 545